| 000 | 00641nam a22001937a 4500 | ||
|---|---|---|---|
| 999 |
_c12241 _d12241 |
||
| 003 | AR-CdUCM | ||
| 008 | 190402b ||||| |||| 00| 0 spa d | ||
| 040 |
_aMUNICIPALIDAD PROVINCIAL DEL CUSCO _cBIBLIOTECA MUNICIPAL DEL CUSCO |
||
| 082 |
_aEP / 372.510 / _bC92 |
||
| 100 |
_aCruz Cuadros, Lucy de la _929999 |
||
| 245 |
_aRazonando 4 : _bCuarto grado de educación primaria / |
||
| 260 |
_aLima : _bRazonando S. A. |
||
| 300 |
_a125paginas ; _bIlustraciones _c29 cm. |
||
| 650 |
_aMatematica _920026 |
||
| 650 |
_aEducación primaria _91561 |
||
| 650 |
_aRazonamiento matematico _928156 |
||
| 942 |
_2ddc _cLIBROS |
||
| 945 |
_anom _d2019-04-08 |
||